Duitse kentekens: raad de plaatsnaam op basis van de afkorting - Statistieken

Algemene statistieken
  • Deze quiz is 9 keer genomen
  • De gemiddelde score is 26 van 49
Antwoordstatistieken
Afkorting Deelstaat Antwoord % Correct
B - Berlijn
100%
D Noordrijn-Westfalen Düsseldorf
100%
F Hessen Frankfurt am Main
100%
HH - Hamburg
100%
M Beieren München
100%
AC Noordrijn-Westfalen Aken
83%
A Beieren Augsburg
83%
DO Noordrijn-Westfalen Dortmund
83%
J Thüringen Jena
83%
K Noordrijn-Westfalen Keulen
83%
N Beieren Neurenberg
83%
BAD Baden-Württemberg Baden-Baden
67%
BN Noordrijn-Westfalen Bonn
67%
BRB - Brandenburg
67%
HB - Bremen / Bremerhaven
67%
DU Noordrijn-Westfalen Duisburg
67%
E Noordrijn-Westfalen Essen
67%
GAP Beieren Garmisch-Partenkirchen
67%
H Nedersaksen Hannover
67%
KA Baden-Württemberg Karlsruhe
67%
KI Sleeswijk-Holstein Kiel
67%
MA Baden-Württemberg Mannheim
67%
P Brandenburg Potsdam
67%
BI Noordrijn-Westfalen Bielefeld
50%
BO Noordrijn-Westfalen Bochum
50%
C Saksen Chemnitz
50%
DA Hessen Darmstadt
50%
FF Brandenburg Frankfurt (Oder)
50%
GE Noordrijn-Westfalen Gelsenkirchen
50%
L Saksen Leipzig
50%
MD Saksen-Anhalt Maagdenburg
50%
MG Noordrijn-Westfalen Mönchengladbach
50%
HRO Mecklenburg-Voor-Pommeren Rostock
50%
KS Hessen Kassel
33%
KO Rijnland-Palts Koblenz
33%
MS Noordrijn-Westfalen Münster
33%
KN Baden-Württemberg Konstanz
17%
LU Rijnland-Palts Ludwigshafen am Rhein
17%
MZ Rijnland-Palts Mainz
17%
OS Nedersaksen Osnabrück
17%
R Beieren Regensburg
17%
RO Beieren Rosenheim
17%
SB Saarland Saarbrücken
17%
S Baden-Württemberg Stuttgart
17%
WOB Nedersaksen Wolfsburg
17%
TR Rijnland-Palts Trier
0%
Baden-Württemberg Tübingen
0%
WO Rijnland-Palts Worms
0%
W Noordrijn-Westfalen Wuppertal
0%
Geen overeenkomende quizzen gevonden
Scoreverdeling
Procent van Mensen met Elke Score
Percentiel versus Aantal Correcte Antwoorden
Uw Scoregeschiedenis
U heeft deze quiz nog niet genomen